000 00754nam a2200193 a 4500
008 130807s2010 ||||||||||||||||| || u
020 _a9780702031533
050 _aRA 776.9 Mas
100 _aMason, Pip
245 1 0 _aHealth behavior change: a guide for practitioners (2nd ed.)
_cBy Pip Mason and Christopher C. Butler
250 _a2nd ed.
260 _aEdinburgh:
_bChurchill Livingstone/Elsevier
_c2010
300 _axi, 221p.
650 0 _aBEHAVIOR MODIFICATION
650 _aHEALTH BEHAVIOR
650 0 _aHEALTH ATTITUDES
700 _aButler, Christopher C
995 _aMICHAEL CHILUFYA SATA OPEN ACCESS
_e902324
_FCBU-SCHOOL OF MEDICINE LIBRARY (Ndola)
_jRA 776.9 Mas
_M1
_UAVAILABLE
_WAug 12, 2013
_y902324
_ZMedical Library Open Access Collection
999 _c31654
_d31654